000 00696nam a2200253 a 4500
001 18434
003 CO-ViMGA
008 141112s2004 ck r 000 u spa d
020 _a9706862250
040 _aCO-ViMGA
_bspa
_cCO-ViMGA
082 0 4 _a574.5 R637c
100 1 _aRodriguez Duran, Armando; López Ramirez, Norma
_926257
245 1 0 _aCiencia , tecnología y ambiente
250 _a2
260 _aMexico,
_cThomson,
_c2002
300 _a243.p.
590 _aForma de adquisición : Premio - Mincultura
650 1 4 _aBIOLOGIA EVOLUTIVA
_926258
650 1 4 _aCIENCIA
650 1 4 _aECOLOGIA - FILOSOFIA
_93196
650 1 4 _aMEDIO AMBIENTE
650 1 4 _aTECNOLOGIA
942 _2ddc
_cBK
999 _c27732
_d27732